000 00623nam a2200217 i 4500
001 C2-0179722
003 PPAK
005 20180728095139.0
008 981024s1989 my |||| ||||| | may d
040 _aPPAK
_beng
_cPPAK
_erda
082 0 4 _a923.7595
_2 23
090 0 0 _a923.7595
_bSIA
_dKIH
090 0 0 _a923.7595
_bSIA
_dKSI
245 0 0 _aSiapakah Aminuddin Baki :
_brenungan
264 1 _aGenting Highlands, Pahang Darul Makmur :
_bInstitut Aminuddin Baki ,
_c1989
300 _a24 pages ;
_c21 cm
336 _2rdacontent
_atext
337 _2rdamedia
_aunmediated
338 _2rdacarrier
_avolume
942 _ddc
_cB
999 _c155829
_d155829